[Event "Heider City-ch"]
[Site "Heider"]
[Date "2003.04.04"]
[Round "4.4"]
[White "Klutz, Eckhard"]
[Black "Strebel, Michael"]
[Result "0-1"]
[WhiteElo "1461"]
[BlackElo "1651"]
[PlyCount "70"]
[EventDate "2003.03.03"]
[EventType "swiss"]
[EventRounds "7"]
[EventCountry "GER"]
[SourceTitle "EXT 2004"]
[Source "ChessBase"]
[SourceDate "2003.11.25"]
[SourceVersion "1"]
[SourceVersionDate "2003.11.25"]
[SourceQuality "1"]

1. e4 c5 2. c4 Nc6 3. Nf3 g6 4. Nc3 Bg7 5. Be2 d6 6. h3 Nf6 7. d3 0-0 8. 0-0 Rb8 9. a4 a6 10. Bd2 Nd7 11. Rb1 Nde5 12. Nd5 f5 13. Bc3 fxe4 14. dxe4 Nxf3+ 15. Bxf3 Nd4 16. Bxd4 cxd4 17. Nb4 Qa5 18. Nd3 h5 19. Kh2 Bd7 20. b3 Qc7 21. g3 b5 22. Nb4 Qa5 23. Nd5 bxc4 24. Bxh5 gxh5 25. Qxh5 Qd8 26. bxc4 Qe8 27. Qg5 Rxb1 28. Rxb1 Qf7 29. Nxe7+ Kh7 30. Qh4+ Bh6 31. f4 Qxc4 32. Rg1 Qc2+ 33. Rg2 Qxe4 34. f5 Qxh4 35. gxh4 Bxf5 0-1